[Event "Olimpiade 2022 - Open"]
[Site "Chennai"]
[Date "03.08.2022"]
[Round "6.21"]
[Board "4"]
[White "Diamant, Andre"]
[Black "Arenas, David"]
[Result "1/2-1/2"]
[WhiteTitle "GM"]
[BlackTitle "GM"]
[WhiteElo "2538"]
[BlackElo "2426"]
[WhiteTeam "Brazil"]
[BlackTeam "Colombia"]
[WhiteFideId "2108356"]
[BlackFideId "4403177"]
[EventDate "2022.07.29"]

1. c4 c5 2. Nf3 Nc6 3. Nc3 g6 4. e3 Nf6 5. d4 cxd4 6. exd4 d5 7. cxd5 Nxd5 8.
Qb3 e6 9. Bb5 Bg7 10. O-O O-O 11. Bxc6 bxc6 12. Na4 Qd6 13. Bd2 Rb8 14. Qc2 Nb4
15. Bxb4 Qxb4 16. Ne5 Rb5 17. Rfd1 Bxe5 18. dxe5 Rxe5 19. a3 Qb5 20. Rac1 Re2
21. Qxc6 Bd7 22. Qf3 Re5 23. Nc3 Qxb2 24. Rb1 Qc2 25. Rbc1 Qb2 26. Rb1 Qc2 27.
Rbc1 Qb2 28. Rb1 1/2-1/2

[Event "Olimpiade 2022 - Open"]
[Site "Chennai"]
[Date "03.08.2022"]
[Round "6.22"]
[Board "1"]
[White "Bjerre, Jonas Buhl"]
[Black "Hossain, Enamul"]
[Result "1-0"]
[WhiteTitle "GM"]
[BlackTitle "GM"]
[WhiteElo "2608"]
[BlackElo "2377"]
[WhiteTeam "Denmark"]
[BlackTeam "Bangladesh"]
[WhiteFideId "1444948"]
[BlackFideId "10200649"]
[EventDate "2022.07.29"]

1. Nf3 d5 2. g3 g6 3. Bg2 Bg7 4. d4 Nf6 5. O-O O-O 6. c4 Nc6 7. cxd5 Nxd5 8. e4
Nb6 9. d5 Na5 10. Qe1 Nac4 11. Nc3 c6 12. b3 Ne5 13. Nxe5 Bxe5 14. Bh6 Re8 15.
dxc6 bxc6 16. Rd1 Qc7 17. f4 Bg7 18. Bxg7 Kxg7 19. e5 Be6 20. Qf2 Red8 21. Qc5
Rxd1 22. Rxd1 Rd8 23. Rc1 Rd2 24. Qxc6 Qd8 25. Kh1 Qd4 26. Qf3 h5 27. h3 Rd3 28.
Qe4 Qd7 29. Kh2 Rd2 30. Rc2 Rd3 31. Qe1 Bf5 32. Ne4 Qd4 33. Re2 e6 34. Nf2 Rc3
35. Qd2 Qc5 36. Qd6 Qb5 37. Rd2 Rc8 38. Qe7 Nd5 39. Qxa7 Rc1 40. Qd4 Nb4 41. g4
hxg4 42. hxg4 Bb1 43. Qd8 Nd5 44. Bxd5 Qf1 45. Bf3 Qg1+ 46. Kh3 Qf1+ 47. Bg2 1-0

[Event "Olimpiade 2022 - Open"]
[Site "Chennai"]
[Date "03.08.2022"]
[Round "6.22"]
[Board "2"]
[White "Rahman, Ziaur"]
[Black "Andersen, Mads"]
[Result "0-1"]
[WhiteTitle "GM"]
[BlackTitle "GM"]
[WhiteElo "2424"]
[BlackElo "2587"]
[WhiteTeam "Bangladesh"]
[BlackTeam "Denmark"]
[WhiteFideId "10200037"]
[BlackFideId "1413864"]
[EventDate "2022.07.29"]

1. Nf3 d5 2. e3 Nf6 3. b3 Bf5 4. Bb2 e6 5. Nh4 Bg4 6. Be2 Bxe2 7. Qxe2 c5 8. O-O
Nc6 9. f4 Bd6 10. Nf3 O-O 11. Kh1 Qe7 12. Ne5 Rac8 13. Nxc6 Rxc6 14. Nc3 e5 15.
Nb5 Bb8 16. fxe5 Bxe5 17. Bxe5 Qxe5 18. Nc3 Re8 19. Qf2 Re7 20. Rae1 Rce6 21.
Re2 Ng4 22. Qg3 Qxg3 23. hxg3 Nf6 24. Rf5 g6 25. Rxd5 Nxd5 26. Nxd5 Rd7 27. c4
b5 28. d3 bxc4 29. bxc4 Rb7 30. Rd2 Rb1+ 31. Kh2 f5 32. g4 fxg4 33. Kg3 h5 34.
d4 Rc1 35. Nc7 Rxe3+ 36. Kf4 Re7 37. Na6 Rf1+ 38. Kg5 Rf5+ 39. Kh4 cxd4 40. Nb4
Rd7 41. Nd3 Kg7 42. Re2 Rc7 43. c5 Kh6 44. Re6 Rcxc5 45. Nxc5 Rxc5 46. Rd6 Rc3
47. a4 Re3 48. a5 d3 49. a6 d2 50. g3 d1=Q 51. Rxg6+ Kh7 0-1

[Event "Olimpiade 2022 - Open"]
[Site "Chennai"]
[Date "03.08.2022"]
[Round "6.22"]
[Board "3"]
[White "Thybo, Jesper Sondergaard"]
[Black "Zia, Tahsin Tajwar"]
[Result "1-0"]
[WhiteTitle "GM"]
[BlackTitle "FM"]
[WhiteElo "2520"]
[BlackElo "2307"]
[WhiteTeam "Denmark"]
[BlackTeam "Bangladesh"]
[WhiteFideId "1438832"]
[BlackFideId "10211888"]
[EventDate "2022.07.29"]

1. d4 d5 2. c4 e6 3. Nf3 Nf6 4. g3 Bb4+ 5. Bd2 a5 6. Bg2 O-O 7. a3 Be7 8. Qc2 c6
9. O-O Nbd7 10. Bf4 Ne4 11. h4 h6 12. Nc3 f5 13. Nxe4 fxe4 14. Ne5 Nxe5 15. Bxe5
Bd6 16. f3 Qc7 17. Bxd6 Qxd6 18. Kh2 exf3 19. exf3 e5 20. dxe5 Qxe5 21. f4 Qf6
22. cxd5 cxd5 23. Bxd5+ Kh8 24. Qc3 Bf5 25. Qxf6 Rxf6 26. Rf2 Rd8 27. Bf3 b6 28.
Re1 Rfd6 29. g4 Bg6 30. Kg3 Bf7 31. Rfe2 Kg8 32. f5 Rd3 33. Re3 Rd2 34. R1e2 Kf8
35. g5 hxg5 36. hxg5 g6 37. f6 Rxe2 38. Rxe2 Rc8 39. Be4 Rc5 40. Kf4 Rc1 41. Rc2
Rf1+ 42. Ke5 Re1 43. Rc8+ Be8 44. Kf4 Rf1+ 45. Kg3 Rg1+ 46. Kh4 1-0

[Event "Olimpiade 2022 - Open"]
[Site "Chennai"]
[Date "03.08.2022"]
[Round "6.22"]
[Board "4"]
[White "Murshed, Niaz"]
[Black "Rasmussen, Allan Stig"]
[Result "1-0"]
[WhiteTitle "GM"]
[BlackTitle "GM"]
[WhiteElo "2413"]
[BlackElo "2550"]
[WhiteTeam "Bangladesh"]
[BlackTeam "Denmark"]
[WhiteFideId "10200010"]
[BlackFideId "1406000"]
[EventDate "2022.07.29"]

1. Nf3 f5 2. c4 Nf6 3. g3 g6 4. Bg2 Bg7 5. O-O d6 6. d4 O-O 7. Nc3 c6 8. Rb1 a5
9. d5 e5 10. dxe6 Bxe6 11. b3 Na6 12. Bf4 Nh5 13. Bg5 Qc7 14. Qd2 Nc5 15. Nd4
Bd7 16. Bh6 Rae8 17. Bxg7 Kxg7 18. Rbd1 Bc8 19. e3 Nf6 20. Nde2 Rd8 21. Nf4 h6
22. h4 Rfe8 23. Qd4 Qe7 24. Bh3 Kf7 25. Bg2 g5 26. hxg5 hxg5 27. Nh3 Kg6 28.
Rde1 Nce4 29. f4 c5 30. Qd3 g4 31. Ng5 Nxg3 32. Rf2 Nge4 33. Bxe4 fxe4 34. Qd2
Rh8 35. Nd5 Nxd5 36. Qxd5 Bf5 37. Rh2 Qf6 38. Rxh8 Rxh8 39. Rd1 g3 40. Qxd6 Qxd6
41. Rxd6+ Kh5 42. Nf7 Rh7 43. Ng5 Rh8 44. Rf6 Kg4 45. Nf7 Rh5 46. Rh6 b6 47. Kg2
a4 48. Rxh5 Kxh5 49. Kxg3 axb3 50. axb3 Bg4 51. Nd6 Bd1 52. Nxe4 Bxb3 53. Nd6
Kg6 54. f5+ Kg5 55. e4 Bd1 56. Kf2 Kf4 57. f6 Bh5 58. f7 Bxf7 59. Nxf7 Kxe4 60.
Ke2 b5 61. Nd6+ Kd4 62. cxb5 Kd5 63. Nc4 1-0

[Event "Olimpiade 2022 - Open"]
[Site "Chennai"]
[Date "03.08.2022"]
[Round "6.23"]
[Board "1"]
[White "Blomqvist, Erik"]
[Black "Tologon tegin, Semetei"]
[Result "1/2-1/2"]
[WhiteTitle "GM"]
[BlackTitle "IM"]
[WhiteElo "2521"]
[BlackElo "2378"]
[WhiteTeam "Sweden"]
[BlackTeam "Kyrgyzstan"]
[WhiteFideId "1709437"]
[BlackFideId "13800574"]
[EventDate "2022.07.29"]

1. e4 e5 2. Nc3 Nf6 3. Bc4 Nc6 4. d3 Na5 5. Bb3 Nxb3 6. axb3 Bc5 7. f4 d6 8. h3
h6 9. Qf3 Qe7 10. Nge2 Bd7 11. g4 Bc6 12. fxe5 dxe5 13. Be3 Nd7 14. h4 a6 15.
Ng3 O-O-O 16. O-O-O Bxe3+ 17. Qxe3 Nc5 18. Nf5 Qf8 19. Qg3 f6 20. g5 Ne6 21.
gxh6 gxh6 22. Rhg1 Kb8 23. Qe3 Rd7 24. Rdf1 Rf7 25. Rg3 Bd7 26. Nd5 Bc6 27. Nc3
Bd7 28. Ne2 Nd8 29. Rg6 Bxf5 30. Rxf5 Nc6 31. Qf2 Ne7 32. Rfxf6 Rhh7 33. Rxh6
Ng8 34. Rxh7 Rxf6 35. Qg3 Rf1+ 36. Kd2 Nf6 37. Rg7 Nh5 38. Rg8 Nxg3 39. Rxf8+
Rxf8 40. Nxg3 Rf2+ 41. Kc3 Rh2 42. Nf5 c5 43. Ne3 Rxh4 44. b4 cxb4+ 45. Kxb4 Kc7
46. Nc4 Rh2 47. Kc3 Rh5 48. b4 b6 49. Kb2 Kc6 50. Kb3 Kb5 51. Nd6+ Kc6 52. Nc4 1/2-1/2

[Event "Olimpiade 2022 - Open"]
[Site "Chennai"]
[Date "03.08.2022"]
[Round "6.23"]
[Board "2"]
[White "Markov, Mikhail KGZ"]
[Black "Hillarp Persson, Tiger"]
[Result "1/2-1/2"]
[WhiteTitle "IM"]
[BlackTitle "GM"]
[WhiteElo "2333"]
[BlackElo "2516"]
[WhiteTeam "Kyrgyzstan"]
[BlackTeam "Sweden"]
[WhiteFideId "13800698"]
[BlackFideId "1700812"]
[EventDate "2022.07.29"]

1. d4 Nf6 2. Nf3 e6 3. c4 d5 4. g3 Be7 5. Bg2 O-O 6. O-O dxc4 7. Ne5 Qd6 8. Nxc4
Qa6 9. Qc2 Nc6 10. Rd1 Rd8 11. e3 e5 12. Nxe5 Nxe5 13. dxe5 Bf5 14. Qb3 Rxd1+
15. Qxd1 Rd8 16. Bd2 Ne4 17. Qc1 c6 18. Be1 Nc5 19. Nc3 Bg6 20. e4 b5 21. Ne2
Nd3 22. Qc2 Nxe5 23. Nf4 Qb6 24. Rd1 Rxd1 25. Qxd1 a5 26. Bc3 Qc7 27. b3 f6 28.
Nxg6 hxg6 29. Bh3 Kf8 30. Be6 Qd8 31. Qxd8+ Bxd8 32. Bxe5 fxe5 33. Bd7 g5 34.
Bxc6 b4 35. Kg2 Kf7 36. Kf3 Bb6 37. Kg4 Kf6 1/2-1/2

[Event "Olimpiade 2022 - Open"]
[Site "Chennai"]
[Date "03.08.2022"]
[Round "6.23"]
[Board "3"]
[White "Westerberg, Jonathan"]
[Black "Abdyzhapar, Asylbek"]
[Result "0-1"]
[WhiteTitle "GM"]
[BlackTitle "IM"]
[WhiteElo "2476"]
[BlackElo "2306"]
[WhiteTeam "Sweden"]
[BlackTeam "Kyrgyzstan"]
[WhiteFideId "1701754"]
[BlackFideId "13800337"]
[EventDate "2022.07.29"]

1. e4 e5 2. Nf3 Nc6 3. Bc4 Bc5 4. c3 Nf6 5. d3 d6 6. b4 Bb6 7. a4 a5 8. b5 Ne7
9. O-O O-O 10. Nbd2 Ng6 11. Ba2 d5 12. Ba3 Re8 13. exd5 Nxd5 14. Ne4 h6 15. Re1
Ndf4 16. d4 Bg4 17. h3 Be6 18. Bxe6 Rxe6 19. Ng3 exd4 20. cxd4 Qd5 21. Rxe6 fxe6
22. Qc2 e5 23. Bc5 exd4 24. Bxb6 cxb6 25. Qe4 Rd8 26. Re1 d3 27. Nd2 Nh4 28.
Qxd5+ Rxd5 29. Re7 Nfxg2 30. Rxb7 Ne1 31. Kf1 Nef3 32. Nge4 Rd4 33. Rc7 Rxa4 34.
Rc1 Rb4 35. Rd1 Ne5 36. Nc3 Nhg6 37. f3 Nf4 38. h4 Nc4 39. Nxc4 Rxc4 40. Ne4 Rc2
41. Rd2 a4 42. Kf2 a3 43. Ke3 a2 44. Rd1 Nd5+ 45. Kd4 Nb4 46. Nc3 d2 47. Nb1 0-1

[Event "Olimpiade 2022 - Open"]
[Site "Chennai"]
[Date "03.08.2022"]
[Round "6.23"]
[Board "4"]
[White "Zhakshylykov, Erzhan"]
[Black "Berg, Emanuel"]
[Result "0-1"]
[WhiteTitle "FM"]
[BlackTitle "GM"]
[WhiteElo "2332"]
[BlackElo "2533"]
[WhiteTeam "Kyrgyzstan"]
[BlackTeam "Sweden"]
[WhiteFideId "13804111"]
[BlackFideId "1704060"]
[EventDate "2022.07.29"]

1. d4 Nf6 2. c4 g6 3. Nf3 Bg7 4. g3 O-O 5. Bg2 d6 6. O-O c6 7. Nc3 Qa5 8. Ne1
Be6 9. d5 cxd5 10. cxd5 Bd7 11. Nd3 Na6 12. Bd2 Rfc8 13. a4 Qd8 14. h3 Ne8 15.
e4 Nac7 16. Re1 a5 17. Qb3 Rcb8 18. Nb5 Nxb5 19. axb5 Qb6 20. Bf1 Qxb5 21. Qa2
Bxh3 22. Be2 Bg4 23. Bf1 Qd7 24. Qb3 a4 25. Qb4 Nc7 26. Rac1 b5 27. Rc6 Na6 28.
Qa3 Rc8 29. Rec1 Qd8 30. Nb4 Nc5 31. f3 Bd7 32. Bxb5 Bxc6 33. Nxc6 Qb6 34. Rxc5
Bf8 35. Be3 dxc5 36. Qxc5 Qxc5 37. Bxc5 Ra5 0-1

[Event "Olimpiade 2022 - Open"]
[Site "Chennai"]
[Date "03.08.2022"]
[Round "6.24"]
[Board "1"]
[White "Solomon, Kenny"]
[Black "Amin, Bassem"]
[Result "0-1"]
[WhiteTitle "GM"]
[BlackTitle "GM"]
[WhiteElo "2355"]
[BlackElo "2680"]
[WhiteTeam "South Africa"]
[BlackTeam "Egypt"]
[WhiteFideId "14300192"]
[BlackFideId "10601457"]
[EventDate "2022.07.29"]

1. e4 g6 2. d4 Bg7 3. Nc3 c6 4. Nf3 d6 5. h3 Nf6 6. Be3 b5 7. Bd3 O-O 8. O-O
Nbd7 9. Re1 e5 10. dxe5 dxe5 11. a4 b4 12. Ne2 Qe7 13. Qd2 a5 14. Bh6 Rd8 15.
Bxg7 Kxg7 16. Ng3 Ne8 17. Qe3 f6 18. h4 Qc5 19. Qc1 Nf8 20. h5 Ne6 21. h6+ Kf8
22. Ne2 Nd6 23. Nd2 Ng5 24. Nb3 Qa7 25. Ng3 Be6 26. Nd2 Ndf7 27. Nf3 Nxf3+ 28.
gxf3 Ng5 29. Qe3 Qxe3 30. Rxe3 Nf7 31. Ne2 g5 32. Kg2 Nxh6 33. Rh1 Kg7 34. Ng3
Ng8 35. Nh5+ Kg6 36. Ree1 b3 37. Re3 Rab8 38. c3 Rd7 39. Ng3 Rbd8 40. Be2 Rd2
41. Rb1 Ne7 42. Nf1 R2d7 43. c4 Rb8 44. Rc1 Kf7 45. Bd1 Ng6 46. Bxb3 Nf4+ 47.
Kh2 Nd3 48. Rc3 Nc5 0-1

[Event "Olimpiade 2022 - Open"]
[Site "Chennai"]
[Date "03.08.2022"]
[Round "6.24"]
[Board "2"]
[White "Adly, Ahmed"]
[Black "Barrish, Daniel"]
[Result "0-1"]
[WhiteTitle "GM"]
[BlackTitle "FM"]
[WhiteElo "2582"]
[BlackElo "2283"]
[WhiteTeam "Egypt"]
[BlackTeam "South Africa"]
[WhiteFideId "10601619"]
[BlackFideId "14304600"]
[EventDate "2022.07.29"]

1. Nf3 Nf6 2. g3 c5 3. Bg2 Nc6 4. O-O e5 5. d3 d5 6. Nbd2 Be7 7. e4 d4 8. Nc4
Nd7 9. a4 h5 10. h4 f6 11. Nh2 g5 12. Bf3 g4 13. Bg2 Nb6 14. b3 Be6 15. Bd2 Qd7
16. a5 Nc8 17. f3 Rg8 18. fxg4 hxg4 19. Rf2 Rb8 20. Qf1 b5 21. axb6 axb6 22. Ra6
b5 23. Na5 Nxa5 24. Bxa5 Kf7 25. Bd2 Nd6 26. Bg5 Rg6 27. Qc1 c4 28. h5 Rg7 29.
bxc4 bxc4 30. Ra5 Nb5 31. Bh4 Rh8 32. Qf1 Rh6 33. dxc4 Nd6 34. Rxe5 Nxc4 35. Bg5
Nxe5 36. Bxh6 Rh7 37. Bg5 Qd8 38. h6 Kg6 39. Bf4 d3 40. Kh1 Bc5 41. Rd2 Bb4 42.
Rd1 d2 43. Qb5 Bc3 44. Nf1 Bc4 45. Qc5 Be2 46. Rxd2 Bxd2 47. Nxd2 Qe7 48. Qc8
Qd7 49. Qc5 Nf3 50. Qf2 Qd4 51. Qxd4 Nxd4 52. c4 Ne6 53. Be3 Ng5 54. Kg1 Rc7 55.
c5 Bb5 56. Kf2 Bc6 57. Bf4 Re7 58. Bd6 Re8 59. Bf1 Bxe4 60. Bb5 Ra8 61. c6 Bf5
62. c7 Ra2 63. Bf4 Ne4+ 64. Ke3 Nxd2 65. Be8+ Kh7 66. Bb5 Nf3 67. Bc6 Ra3+ 68.
Kf2 Rc3 0-1

[Event "Olimpiade 2022 - Open"]
[Site "Chennai"]
[Date "03.08.2022"]
[Round "6.24"]
[Board "3"]
[White "Mhango, Banele"]
[Black "Fawzy, Adham"]
[Result "0-1"]
[WhiteTitle "FM"]
[BlackTitle "GM"]
[WhiteElo "2238"]
[BlackElo "2471"]
[WhiteTeam "South Africa"]
[BlackTeam "Egypt"]
[WhiteFideId "14327040"]
[BlackFideId "10613129"]
[EventDate "2022.07.29"]

1. Nf3 Nf6 2. b3 g6 3. Bb2 Bg7 4. e3 b6 5. Be2 Bb7 6. O-O d6 7. d4 Nbd7 8. a4 a5
9. Na3 O-O 10. Nb5 Nd5 11. Qc1 e6 12. Ne1 f5 13. Bf3 Qc8 14. Nd3 e5 15. dxe5
dxe5 16. Be2 Qb8 17. Rd1 c6 18. Na3 Qc7 19. f4 Rae8 20. Re1 Ba6 21. g3 Qa7 22.
Nc4 exf4 23. Bxg7 Kxg7 24. gxf4 Bxc4 25. bxc4 Nxe3 26. c5 Nxc5 27. Qb2+ Kh6 28.
Ne5 Nd5 29. Rf1 Qe7 30. Qc1 Ne6 31. Ra3 Kg7 32. Nd3 Nd4 33. Bf3 Qe3+ 34. Qxe3
Nxe3 0-1

[Event "Olimpiade 2022 - Open"]
[Site "Chennai"]
[Date "03.08.2022"]
[Round "6.24"]
[Board "4"]
[White "Wageih, Kareim"]
[Black "Kobese, Watu"]
[Result "1-0"]
[WhiteTitle "IM"]
[BlackTitle "IM"]
[WhiteElo "2387"]
[BlackElo "2311"]
[WhiteTeam "Egypt"]
[BlackTeam "South Africa"]
[WhiteFideId "10604561"]
[BlackFideId "14300141"]
[EventDate "2022.07.29"]

1. d4 Nf6 2. c4 g6 3. Nc3 Bg7 4. Nf3 O-O 5. g3 d6 6. Bg2 Nbd7 7. O-O e5 8. dxe5
dxe5 9. Be3 c6 10. h3 Qe7 11. Qb3 Ne8 12. c5 Kh8 13. Ne4 f5 14. Nd6 Nxd6 15.
cxd6 Qxd6 16. Ng5 f4 17. Nf7+ Rxf7 18. Qxf7 fxe3 19. fxe3 Nf6 20. Rad1 Be6 21.
Qxg7+ Kxg7 22. Rxd6 Kf7 23. a3 Ke7 24. Rd2 a5 25. g4 g5 26. Rc1 e4 27. Rd4 Bd5
28. Kh2 Ra6 29. Kg3 Ke6 30. h4 h6 31. hxg5 hxg5 32. Rf1 Ra8 33. Rh1 Kf7 34. Rf1
Kg6 35. a4 Ra6 36. b4 axb4 37. Rxb4 c5 38. Rb5 Rxa4 39. Rxc5 Be6 40. Rc3 Ra2 41.
Rd1 Ra5 42. Rd4 Re5 43. Rc7 Bd5 44. Bh1 Re8 45. Bg2 Re5 46. Bh1 Re8 47. Rc5 Bc6
48. Rd6 Bd7 49. Bg2 Bc6 50. Rf5 Rf8 51. Re5 Kf7 52. Rxg5 Ke7 53. Rd4 Ke6 54. Ra5
Rg8 55. Bh3 b6 56. g5+ Ke7 57. Re5+ 1-0

[Event "Olimpiade 2022 - Open"]
[Site "Chennai"]
[Date "03.08.2022"]
[Round "6.25"]
[Board "1"]
[White "Gemy, Jose Daniel"]
[Black "Sebenik, Matej"]
[Result "1/2-1/2"]
[WhiteTitle "IM"]
[BlackTitle "GM"]
[WhiteElo "2373"]
[BlackElo "2512"]
[WhiteTeam "Bolivia"]
[BlackTeam "Slovenia"]
[WhiteFideId "3301478"]
[BlackFideId "14602296"]
[EventDate "2022.07.29"]

1. e4 e6 2. d4 d5 3. Nd2 c5 4. Ngf3 Nc6 5. exd5 exd5 6. Bb5 Qe7+ 7. Be2 Qc7 8.
O-O Nf6 9. dxc5 Bxc5 10. Nb3 Be7 11. Bg5 Bf5 12. Nbd4 Be4 13. c3 O-O 14. Bh4
Rfe8 15. Re1 a6 16. Bg3 Qb6 17. Qb3 Qa7 18. Qa4 Qb6 19. Qb3 Qa7 20. Qa4 Qb6 21.
Qb3 1/2-1/2

[Event "Olimpiade 2022 - Open"]
[Site "Chennai"]
[Date "03.08.2022"]
[Round "6.25"]
[Board "2"]
[White "Subelj, Jan"]
[Black "Zambrana, Osvaldo"]
[Result "1/2-1/2"]
[WhiteTitle "IM"]
[BlackTitle "GM"]
[WhiteElo "2498"]
[BlackElo "2417"]
[WhiteTeam "Slovenia"]
[BlackTeam "Bolivia"]
[WhiteFideId "14618583"]
[BlackFideId "3300200"]
[EventDate "2022.07.29"]

1. e4 c5 2. Nf3 Nc6 3. Bb5 d6 4. O-O Bd7 5. Re1 Nf6 6. c3 a6 7. Bf1 Bg4 8. h3
Bh5 9. g4 Bg6 10. d4 cxd4 11. cxd4 d5 12. exd5 Nxd5 13. Nc3 e6 14. Nxd5 Qxd5 15.
Bg2 Bb4 16. Ne5 Qb5 17. Bd2 Bxd2 18. Qxd2 Rd8 19. Nxc6 bxc6 20. Rac1 Rd6 21. Qf4
Ke7 22. Rc5 Qb4 23. Rec1 Qxd4 24. Qxd4 Rxd4 25. Rxc6 Rb8 26. b3 a5 27. Ra6 Rb5
28. Rc7+ Kd8 29. Rca7 Rd1+ 30. Kh2 Rd2 31. Bc6 Rb4 32. Kg3 Rd6 33. Ba4 Rd3+ 34.
f3 e5 35. Rxa5 e4 36. Re5 f6 37. Ree7 Rxf3+ 38. Kg2 Rd4 39. Rad7+ Rxd7 40. Rxd7+
Kc8 41. Rxg7 Rc3 42. Rg8+ Kc7 43. Be8 Kd6 44. Bxg6 hxg6 45. Rxg6 Ke5 46. h4 Rc2+
47. Kg3 Rxa2 48. Rg8 Rc2 49. Re8+ Kd4 50. Rd8+ Ke5 51. h5 Rc3+ 52. Kh4 Rxb3 53.
h6 Rb1 54. Kh5 Rh1+ 55. Kg6 Rh4 56. Re8+ Kf4 57. h7 Rxg4+ 58. Kxf6 Rh4 59. h8=R
Rxh8 60. Rxh8 e3 1/2-1/2

[Event "Olimpiade 2022 - Open"]
[Site "Chennai"]
[Date "03.08.2022"]
[Round "6.25"]
[Board "3"]
[White "Pinto, Daniel"]
[Black "Markoja, Boris"]
[Result "0-1"]
[WhiteTitle "FM"]
[BlackTitle "IM"]
[WhiteElo "2249"]
[BlackElo "2452"]
[WhiteTeam "Bolivia"]
[BlackTeam "Slovenia"]
[WhiteFideId "3303144"]
[BlackFideId "14608502"]
[EventDate "2022.07.29"]

1. e4 e6 2. d4 d5 3. Nd2 c5 4. Ngf3 cxd4 5. Nxd4 Nc6 6. Bb5 Bd7 7. Nxc6 bxc6 8.
Bd3 Bd6 9. O-O Qc7 10. h3 Ne7 11. c4 O-O 12. Nf3 dxe4 13. Bxe4 f5 14. Bc2 c5 15.
Bg5 Rae8 16. Qd2 Nc8 17. Rad1 e5 18. Ne1 h6 19. Bh4 Bc6 20. f3 e4 21. fxe4 fxe4
22. Rxf8+ Rxf8 23. Qe2 Qf7 24. Bf2 Qf4 25. Rxd6 Nxd6 26. Bxc5 a5 27. a3 a4 28.
b4 axb3 29. Bxb3 Kh7 30. Nc2 Rb8 31. Nb4 Nf5 32. Bc2 Bb7 33. Qg4 Qe5 34. Bf2 Ra8
35. a4 Re8 36. c5 Bc8 37. Qd1 e3 38. Be1 Qxc5 39. Qf3 Kh8 40. Bd3 Nd4 41. Qf7
Rf8 42. Qd5 Qc1 43. Qxd4 Qxe1+ 44. Kh2 Qf2 45. Nc2 Re8 46. Bg6 Bb7 47. Qg4 Rd8
48. Qg3 Qxg3+ 49. Kxg3 e2 50. Bh5 Rd2 51. Ne1 Bc6 52. Kf2 Bxa4 53. Ke3 Ra2 54.
Bxe2 g6 55. Nf3 Kg7 56. Nd4 Kf6 57. Bf3 Bd7 58. Ne2 Ke5 59. Nf4 Bf5 60. Ne2 Ra3+
61. Kf2 Bd3 62. Ng1 Bc4 63. h4 Ra1 64. Nh3 Be6 65. Kg3 Bxh3 66. Kxh3 Kf4 67. Kh2
Rb1 68. Bc6 Kg4 69. Be8 Rb6 0-1

[Event "Olimpiade 2022 - Open"]
[Site "Chennai"]
[Date "03.08.2022"]
[Round "6.25"]
[Board "4"]
[White "Dobrovoljc, Vid"]
[Black "Mendoza, Rodrigo"]
[Result "1-0"]
[WhiteTitle "FM"]
[WhiteElo "2398"]
[BlackElo "2215"]
[WhiteTeam "Slovenia"]
[BlackTeam "Bolivia"]
[WhiteFideId "14609843"]
[BlackFideId "3301931"]
[EventDate "2022.07.29"]

1. e4 c6 2. d4 d5 3. e5 Bf5 4. Nf3 e6 5. Be2 Nd7 6. O-O Bg6 7. Nbd2 Nh6 8. Nb3
Nf5 9. a4 a6 10. Bd2 c5 11. dxc5 Nxc5 12. c4 Rc8 13. Rc1 d4 14. Nxc5 Bxc5 15.
Ne1 Ne7 16. Nd3 Ba7 17. Re1 O-O 18. Bf1 Qd7 19. b4 Rc7 20. Qb3 h6 21. b5 Bxd3
22. Bxd3 Bc5 23. Be4 f5 24. exf6 Rxf6 25. Qd3 Rc8 26. Re2 Rcf8 27. g3 Ra8 28. a5
Raf8 29. Rb1 Nf5 30. Bg2 Nd6 31. Bf4 Nf7 32. Bd2 Qd6 33. Rbe1 axb5 34. cxb5 Qd7
35. Rc1 b6 36. a6 e5 37. Ra1 Qa7 38. Kh1 Nd6 39. f4 1-0

[Event "Olimpiade 2022 - Open"]
[Site "Chennai"]
[Date "03.08.2022"]
[Round "6.26"]
[Board "1"]
[White "Rohl Montes, Juan Armando"]
[Black "Henriquez Villagra, Cristobal"]
[Result "0-1"]
[WhiteTitle "IM"]
[BlackTitle "GM"]
[WhiteElo "2382"]
[BlackElo "2620"]
[WhiteTeam "Venezuela"]
[BlackTeam "Chile"]
[WhiteFideId "3900487"]
[BlackFideId "3409350"]
[EventDate "2022.07.29"]

1. e4 c6 2. d4 d5 3. Nd2 dxe4 4. Nxe4 Nd7 5. Ng5 h6 6. Ne6 Qb6 7. Nxf8 Nxf8 8.
c3 Bf5 9. Nf3 Ng6 10. Be2 Nf6 11. O-O O-O 12. Re1 Rad8 13. Qb3 Qc7 14. Bf1 Rfe8
15. h3 e6 16. a4 b6 17. Be3 Nf4 18. c4 g5 19. Ne5 c5 20. Rad1 Ne4 21. Bxf4 gxf4
22. Qf3 Ng5 23. Qc6 Qe7 24. d5 f6 25. Nd3 Rc8 26. Qb5 Qg7 27. Nxf4 Nf3+ 28. Kh1
Nxe1 29. Rxe1 e5 30. Nh5 Qf7 31. Ng3 Bg6 32. Kg1 f5 33. Qb3 e4 34. Ne2 f4 35. g3
fxg3 36. Nxg3 e3 37. Rxe3 Rf8 38. Nh1 Rce8 39. Bg2 Qf4 40. Qc3 Rxe3 41. fxe3 Qg5
42. Kh2 Re8 43. d6 Rxe3 44. Bd5+ Kh7 0-1

[Event "Olimpiade 2022 - Open"]
[Site "Chennai"]
[Date "03.08.2022"]
[Round "6.26"]
[Board "2"]
[White "Morovic Fernandez, Ivan"]
[Black "Castro Torres, Jose Luis"]
[Result "1-0"]
[WhiteTitle "GM"]
[BlackTitle "FM"]
[WhiteElo "2489"]
[BlackElo "2326"]
[WhiteTeam "Chile"]
[BlackTeam "Venezuela"]
[WhiteFideId "3405400"]
[BlackFideId "3901831"]
[EventDate "2022.07.29"]

1. d4 Nf6 2. c4 g6 3. Nc3 Bg7 4. e4 d6 5. Nf3 O-O 6. Be2 e5 7. d5 a5 8. h3 Na6
9. Bg5 h6 10. Be3 Nc5 11. Nd2 Nh7 12. g4 f5 13. gxf5 gxf5 14. exf5 Bxf5 15. Rg1
Qh4 16. Nf3 Qf6 17. Nxe5 Rae8 18. Nf3 Nd3+ 19. Bxd3 Bxd3 20. Qxd3 Qxf3 21. Kd2
Qxh3 22. Rxg7+ 1-0

[Event "Olimpiade 2022 - Open"]
[Site "Chennai"]
[Date "03.08.2022"]
[Round "6.26"]
[Board "3"]
[White "Escalona Landi, Samid Eduardo"]
[Black "Salinas Herrera, Pablo"]
[Result "1-0"]
[WhiteTitle "CM"]
[BlackTitle "GM"]
[WhiteElo "2191"]
[BlackElo "2526"]
[WhiteTeam "Venezuela"]
[BlackTeam "Chile"]
[WhiteFideId "3937437"]
[BlackFideId "3407128"]
[EventDate "2022.07.29"]

1. Nf3 Nf6 2. g3 d5 3. c4 e6 4. b3 d4 5. Bg2 c5 6. e3 Nc6 7. exd4 cxd4 8. O-O
Be7 9. Re1 O-O 10. d3 Nd7 11. Ba3 e5 12. b4 Bxb4 13. Bxb4 Nxb4 14. Nxe5 Nxe5 15.
Rxe5 Qd6 16. Rb5 Re8 17. Nd2 Nc6 18. Ne4 Qe7 19. c5 Qc7 20. Rab1 Nd8 21. Nd6 Re5
22. Qa4 a6 23. Qxd4 Re7 24. R5b2 Ne6 25. Qd5 Qxc5 26. Qxc5 Nxc5 27. Rc2 1-0

[Event "Olimpiade 2022 - Open"]
[Site "Chennai"]
[Date "03.08.2022"]
[Round "6.26"]
[Board "4"]
[White "Perez Gormaz, Matias"]
[Black "Castro Silva, Moises Antonio"]
[Result "1-0"]
[WhiteTitle "IM"]
[BlackTitle "CM"]
[WhiteElo "2387"]
[BlackElo "2237"]
[WhiteTeam "Chile"]
[BlackTeam "Venezuela"]
[WhiteFideId "3406342"]
[BlackFideId "3909794"]
[EventDate "2022.07.29"]

1. e4 c5 2. Nf3 e6 3. b3 b6 4. d4 cxd4 5. Nxd4 Bb7 6. Nd2 Bb4 7. Bb2 Nf6 8. a3
Bxd2+ 9. Qxd2 Nxe4 10. Qe3 O-O 11. O-O-O d5 12. f3 Nd6 13. Qe5 Ne8 14. h4 Nd7
15. Qg3 Qc7 16. Qf2 Nef6 17. h5 h6 18. Kb1 a6 19. g4 Nc5 20. g5 hxg5 21. h6 gxh6
22. Rxh6 Nh7 23. b4 Rae8 24. bxc5 bxc5 25. Bd3 f5 26. Rg6+ 1-0